000
00335nam a2200145 a 4500
008
001121s1973||||xx 0 und c
040
_a
SNK
_b
slo
_c
SNK
_e
AACR2
100
1
_a
France, Anatole
245
1
0
_a
Červená ľalia
260
_a
Bratislava
_b
Smena
_c
1973
300
_a
291 s.
020
_c
17
044
_a
xo
_c
SK
041
_a
slo
999
_c
10582
_d
10582